Hernán Cortés (Record no. 5301)

MARC details
000 -CABECERA
campo de control de longitud fija 00745nam a2200241 a 4500
001 - NÚMERO DE CONTROL
campo de control BRCA_5607
005 - FECHA Y HORA DE LA ÚLTIMA TRANSACCIÓN
campo de control 20190320205142.0
008 - DATOS DE LONGITUD FIJA--INFORMACIÓN GENERAL
campo de control de longitud fija 210211r1944----mx-a######---#000-0#spa-#
041 ## - CÓDIGO DE LENGUA
Código de lengua del texto/banda sonora o título independiente spa
044 ## - CÓDIGO DEL PAÍS DE LA ENTIDAD EDITORA/PRODUCTORA
Código MARC del país mx
050 #4 - SIGNATURA TOPOGRÁFICA DE LA BIBLIOTECA DEL CONGRESO
Número de clasificación F1230.C6
Número de documento/Ítem .R66 1944
100 1# - ENTRADA PRINCIPAL--NOMBRE DE PERSONA
Nombre de persona Romero de Terreros, Manuel
Títulos y otros términos asociados al nombre Marqués de San Francisco
Fechas asociadas al nombre 1880-1968
9 (RLIN) 14294
245 10 - MENCIÓN DE TÍTULO
Título Hernán Cortés
Resto del título sus hijos y nietos, caballeros de las órdenes militares
Mención de responsabilidad, etc. Manuel Romero de Terreros.
250 ## - MENCIÓN DE EDICIÓN
Mención de edición 2
260 ## - PUBLICACIÓN, DISTRIBUCIÓN, ETC.
Lugar de publicación, distribución, etc. México
Nombre del editor, distribuidor, etc. Porrúa
Fecha de publicación, distribución, etc. 1944
300 ## - DESCRIPCIÓN FÍSICA
Extensión 72 p.
Dimensiones 25 cm.
500 ## - NOTA GENERAL
Nota general Este trabajo se publicó por primera vez en 1919
500 ## - NOTA GENERAL
Nota general F85
600 14 - PUNTO DE ACCESO ADICIONAL DE MATERIA--NOMBRE DE PERSONA
Nombre de persona Cortés, Hernando
Fechas asociadas al nombre 1485-1547
9 (RLIN) 14295
650 14 - PUNTO DE ACCESO ADICIONAL DE MATERIA--TÉRMINO DE MATERIA
Término de materia o nombre geográfico como elemento de entrada Cortés, Familia
9 (RLIN) 14296
902 ## - CATALOGADOR
Iniciales GFM
942 ## - ELEMENTOS DE PUNTO DE ACCESO ADICIONAL (KOHA)
Fuente del sistema de clasificación o colocación Library of Congress Classification
Tipo de ítem Koha Libros
Holdings
Estado de retiro Estado de pérdida Estado dañado No para préstamo Localización permanente Ubicación/localización actual Fecha de adquisición Número de inventario Total de préstamos Signatura topográfica completa Código de barras Fecha visto por última vez Precio válido a partir de Tipo de ítem Koha
El ejemplar forma parte de la colección y puede ser consultado según las políticas vigentes.       Biblioteca del Museo Franz Mayer (Rogerio Casas-Alatriste) Biblioteca del Museo Franz Mayer (Rogerio Casas-Alatriste) 14/02/2011 F85   F1230.C6 .R66 1944 (F85) 6043 22/03/2019 22/03/2019 Libros